<?xml version="1.0" encoding="UTF-8"?><?xml-stylesheet type="text/xsl" href="static/style.xsl"?><OAI-PMH xmlns="http://www.openarchives.org/OAI/2.0/" xmlns:xsi="http://www.w3.org/2001/XMLSchema-instance" xsi:schemaLocation="http://www.openarchives.org/OAI/2.0/ http://www.openarchives.org/OAI/2.0/OAI-PMH.xsd"><responseDate>2026-04-17T21:29:18Z</responseDate><request verb="GetRecord" identifier="oai:www.recercat.cat:2445/153180" metadataPrefix="marc">https://recercat.cat/oai/request</request><GetRecord><record><header><identifier>oai:recercat.cat:2445/153180</identifier><datestamp>2025-12-05T10:02:14Z</datestamp><setSpec>com_2072_1057</setSpec><setSpec>col_2072_478819</setSpec><setSpec>col_2072_478917</setSpec></header><metadata><record xmlns="http://www.loc.gov/MARC21/slim" xmlns:dcterms="http://purl.org/dc/terms/" xmlns:xsi="http://www.w3.org/2001/XMLSchema-instance" xmlns:doc="http://www.lyncode.com/xoai" xsi:schemaLocation="http://www.loc.gov/MARC21/slim http://www.loc.gov/standards/marcxml/schema/MARC21slim.xsd">
   <leader>00925njm 22002777a 4500</leader>
   <datafield ind2=" " ind1=" " tag="042">
      <subfield code="a">dc</subfield>
   </datafield>
   <datafield ind2=" " ind1=" " tag="720">
      <subfield code="a">Torres Torres, Antonio</subfield>
      <subfield code="e">author</subfield>
   </datafield>
   <datafield ind2=" " ind1=" " tag="260">
      <subfield code="c">2020-03-20T09:42:16Z</subfield>
   </datafield>
   <datafield ind2=" " ind1=" " tag="260">
      <subfield code="c">2020-03-20T09:42:16Z</subfield>
   </datafield>
   <datafield ind2=" " ind1=" " tag="260">
      <subfield code="c">2019-09</subfield>
   </datafield>
   <datafield ind2=" " ind1=" " tag="260">
      <subfield code="c">2020-03-20T09:42:16Z</subfield>
   </datafield>
   <datafield ind2=" " ind1=" " tag="520">
      <subfield code="a">Gustavo Pérez Firmat constituye uno de los representantes fundamentales de la literatura 'cubanoamericana' y de la llamada 'Generación 1.5', la de aquellas personas nacidas en un país pero llevadas de pequeñas a otro muy distinto desde el punto de vista lingüístico y cultural. En su obra, que conforman sobre todo diversos poemarios y ensayos, aparte de estudios académicos, el exilio se dibuja como el aspecto nuclear. Esa condición lleva a una identidad partida, en vilo, sin acomodo posible en los Estados Unidos ni vuelta atrás a Cuba. En nuestro trabajo argumentamos que la poética del desarraigo que define al autor está muy ligada a las vivencias y a las sensaciones físicas en torno al español (lengua de la patria) y al inglés (lengua del país de destino); dos idiomas difíciles de acoplar, que mantienen en Pérez Firmat una relación conflictiva, contradictoria y enfrentada, pero que no puede desembocar en la erradicación de ninguno de ellos. A fin de cuentas, el español es su lengua más suya y el inglés es la necesaria traducción que lo complementa y lo liga a su entorno cotidiano.</subfield>
   </datafield>
   <datafield tag="653" ind2=" " ind1=" ">
      <subfield code="a">Castellà (Llengua)</subfield>
   </datafield>
   <datafield tag="653" ind2=" " ind1=" ">
      <subfield code="a">Literatura de l'exili</subfield>
   </datafield>
   <datafield tag="653" ind2=" " ind1=" ">
      <subfield code="a">Cubans</subfield>
   </datafield>
   <datafield tag="653" ind2=" " ind1=" ">
      <subfield code="a">Llengües en contacte</subfield>
   </datafield>
   <datafield tag="653" ind2=" " ind1=" ">
      <subfield code="a">Estats Units d'Amèrica</subfield>
   </datafield>
   <datafield tag="653" ind2=" " ind1=" ">
      <subfield code="a">Spanish language</subfield>
   </datafield>
   <datafield tag="653" ind2=" " ind1=" ">
      <subfield code="a">Exiles' writings</subfield>
   </datafield>
   <datafield tag="653" ind2=" " ind1=" ">
      <subfield code="a">Cubans</subfield>
   </datafield>
   <datafield tag="653" ind2=" " ind1=" ">
      <subfield code="a">Languages in contact</subfield>
   </datafield>
   <datafield tag="653" ind2=" " ind1=" ">
      <subfield code="a">United States</subfield>
   </datafield>
   <datafield ind2="0" ind1="0" tag="245">
      <subfield code="a">Español e Inglés en Gustavo Pérez Firmat: el desexilio imposible de un hyphenizado</subfield>
   </datafield>
</record></metadata></record></GetRecord></OAI-PMH>